Trade blocs (Record no. 58123)
[ view plain ]
| 000 -LEADER | |
|---|---|
| fixed length control field | 01169nam a22003254a 4500 |
| 082 04 - DEWEY DECIMAL CLASSIFICATION NUMBER | |
| Classification number | 382/.9 |
| 245 00 - TITLE STATEMENT | |
| Title | Trade blocs |
| 260 ## - PUBLICATION, DISTRIBUTION, ETC. (IMPRINT) | |
| Place of publication | Oxford, England ; |
| -- | New York : |
| Name of publisher | Oxford University Press, |
| Year of publication | 2000. |
| 300 ## - PHYSICAL DESCRIPTION | |
| Number of Pages | 144 p. |
| 490 1# - SERIES STATEMENT | |
| Series statement | World Bank policy research report |
| 650 #0 - SUBJECT ADDED ENTRY--TOPICAL TERM | |
| Topical Term | Trade blocs. |
| Topical Term | Regionalism. |
| Topical Term | Commercial policy. |
| Topical Term | International economic integration. |
| 856 40 - ELECTRONIC LOCATION AND ACCESS | |
| Uniform Resource Identifier | http://site.ebrary.com/lib/rucke/Doc?id=10038988 |
No items available.
